| 000 | 00582nam a2200169 a 4500 | ||
|---|---|---|---|
| 001 | 000028517 | ||
| 005 | 20200930055004.0 | ||
| 008 | 110408s1991 dr c 000 0 spa d | ||
| 040 |
_aDO-SdBNP _bspa _cBNPHU |
||
| 082 |
_axxx _bA728r |
||
| 100 | 1 |
_aArmenteros Rius, Jesús Enrique _955481 |
|
| 245 | 1 | 4 |
_aLos recursos naturales : _bdecisión y acción / _cJesús Enrique Armenteros Rius. |
| 260 |
_aSanto Domingo : _bFundación para el Progreso Humano (PROGRESSIO), _c1991. |
||
| 300 |
_a19 p. : _bretrs. ; _c22 cm. |
||
| 490 | 1 |
_aPROGESSIO _vno. 11 |
|
| 830 | 0 |
_aPROGRESSIO _nno. 11 _955482 |
|
| 999 |
_c28009 _d28009 |
||